[Event "Novosibirsk-ch open"]
[Site "Novosibirsk"]
[Date "2011.10.01"]
[Round "2"]
[White "Allakhverdov, Artur"]
[Black "Gubsky, Egor"]
[Result "1-0"]
[WhiteElo "2077"]
[BlackElo "2001"]
[PlyCount "71"]
[EventDate "2011.09.29"]
[EventType "swiss"]
[EventRounds "9"]
[EventCountry "RUS"]
[SourceTitle "EXT 2012"]
[Source "ChessBase"]
[SourceDate "2011.11.24"]
[SourceVersion "1"]
[SourceVersionDate "2011.11.24"]
[SourceQuality "1"]

1. e4 c5 2. c3 d5 3. exd5 Qxd5 4. d4 Nc6 5. dxc5 Qxd1+ 6. Kxd1 e5 7. b4 a5 8. Bb5 Bd7 9. Bxc6 Bxc6 10. Nf3 f6 11. Kc2 Ne7 12. a3 g5 13. h3 Nd5 14. Kb3 Bg7 15. c4 Nc7 16. Bb2 Ne6 17. Rd1 Nf4 18. Nc3 Nxg2 19. Nd5 Kf7 20. b5 Be8 21. Nb6 Rb8 22. Bc3 Nf4 23. Bxa5 e4 24. Nd4 Nd3 25. c6 bxc6 26. bxc6 Nc5+ 27. Kc2 Na6 28. Nd7 Rc8 29. Rab1 f5 30. Nxf5 Rxc6 31. Nxg7 Kxg7 32. Bc3+ Kg8 33. Rb6 Bxd7 34. Rxc6 Bxc6 35. Rd8+ Kf7 36. Rxh8 1-0

[Event "Berdsk Maestro op 16th"]
[Site "Berdsk"]
[Date "2010.07.09"]
[Round "2"]
[White "Allakhverdov, Artur"]
[Black "Shukan, Alexander"]
[Result "0-1"]
[WhiteElo "2053"]
[BlackElo "2180"]
[PlyCount "53"]
[EventDate "2010.07.08"]
[EventType "swiss"]
[EventRounds "9"]
[EventCountry "RUS"]
[SourceTitle "EXT 2011"]
[Source "ChessBase"]
[SourceDate "2010.11.26"]
[SourceVersion "1"]
[SourceVersionDate "2010.11.26"]
[SourceQuality "1"]

1. e4 d5 2. exd5 Qxd5 3. Nc3 Qd6 4. d4 Nf6 5. Nf3 a6 6. Be2 Nc6 7. h3 Bf5 8. Be3 e6 9. 0-0 Be7 10. Qd2 0-0 11. Bf4 Qd7 12. Rad1 Bb4 13. Ne5 Nxe5 14. Bxe5 Nd5 15. Bf3 f6 16. Bg3 c6 17. Rfe1 Qf7 18. Qe2 Rad8 19. Bh2 e5 20. Bxd5 Rxd5 21. a3 Rxd4 22. Qf1 Bxc3 23. bxc3 Rxd1 24. Rxd1 Qe7 25. g4 Be6 26. Rd2 Qxa3 27. Rd1 0-1

[Event "Koltsovo op"]
[Site "Koltsovo"]
[Date "2010.07.03"]
[Round "6"]
[White "Allakhverdov, Artur"]
[Black "Latyev, Viktor"]
[Result "1/2-1/2"]
[WhiteElo "2053"]
[BlackElo "1956"]
[PlyCount "93"]
[EventDate "2010.06.28"]
[EventType "swiss"]
[EventRounds "9"]
[EventCountry "RUS"]
[SourceTitle "CBM 137 Extra"]
[Source "ChessBase"]
[SourceDate "2010.09.01"]
[SourceVersion "1"]
[SourceVersionDate "2010.09.01"]
[SourceQuality "1"]

1. e4 c5 2. c3 g6 3. d4 cxd4 4. cxd4 d5 5. exd5 Nf6 6. Qa4+ Nbd7 7. Nc3 Bg7 8. g3 0-0 9. Bg2 a6 10. Qb3 b5 11. Bf4 Nb6 12. d6 Ra7 13. Nf3 Be6 14. Qa3 exd6 15. Qxd6 Rd7 16. Qc5 Nbd5 17. Be5 Re8 18. 0-0 Bf8 19. Nxd5 Nxd5 20. Qc2 f6 21. Bf4 Nxf4 22. gxf4 Bh6 23. Rfe1 Bxf4 24. Re4 Bb8 25. Rae1 Bf7 26. Rxe8+ Bxe8 27. Qc6 Bf7 28. Qxa6 Ra7 29. Qxb5 Rxa2 30. Rc1 Bf4 31. Rd1 Ra5 32. Qc6 Bd5 33. Qc3 Rb5 34. Ne1 Bf7 35. Nd3 Bd6 36. d5 Kg7 37. Qc6 Rb6 38. Qc4 Qb8 39. h3 Be8 40. Nc5 Rxb2 41. Ne6+ Kf7 42. Qh4 h5 43. Be4 Rb4 44. Nd4 Qc8 45. Nc6 Rb3 46. Kg2 Bd7 47. Rd3 1/2-1/2

[Event "Koltsovo op"]
[Site "Koltsovo"]
[Date "2010.07.02"]
[Round "5"]
[White "Pozharsky, Nikolay"]
[Black "Allakhverdov, Artur"]
[Result "1-0"]
[WhiteElo "2152"]
[BlackElo "2053"]
[PlyCount "109"]
[EventDate "2010.06.28"]
[EventType "swiss"]
[EventRounds "9"]
[EventCountry "RUS"]
[SourceTitle "CBM 137 Extra"]
[Source "ChessBase"]
[SourceDate "2010.09.01"]
[SourceVersion "1"]
[SourceVersionDate "2010.09.01"]
[SourceQuality "1"]

1. d4 Nf6 2. c4 g6 3. Nc3 Bg7 4. e4 d6 5. h3 0-0 6. Be3 e5 7. d5 c6 8. Nge2 cxd5 9. cxd5 a6 10. g4 b5 11. a3 Ne8 12. Ng3 Nd7 13. h4 Nb6 14. Rc1 Bd7 15. b3 Rb8 16. Bd3 Qe7 17. Qe2 Bf6 18. g5 Bg7 19. h5 Nc8 20. f3 Bh8 21. Qh2 b4 22. axb4 Rxb4 23. Bxa6 Rxb3 24. Qa2 Rb8 25. Qh2 Nc7 26. Bd3 Nb6 27. hxg6 fxg6 28. 0-0 Na4 29. Nxa4 Bxa4 30. Rf2 Rb3 31. Rd1 Bb5 32. Rfd2 Rxf3 33. Nf1 Qf7 34. Qe2 Bxd3 35. Rxd3 Rxd3 36. Rxd3 Bg7 37. Rb3 Ne8 38. Rb8 Rh3 39. Qg4 Rh5 40. Ng3 Bf8 41. Nxh5 gxh5 42. Qe6 Ng7 43. Qxf7+ Kxf7 44. Kg2 Be7 45. Kg3 Kg6 46. Rb7 Kf7 47. Bd2 Kf8 48. Kh4 Ke8 49. Bc1 Kf7 50. Ra7 Kf8 51. Ra8+ Kf7 52. Rh8 Kg6 53. Bd2 h6 54. Rxh6+ Kf7 55. Bb4 1-0

[Event "Novosibirsk Sukharev Memorial op"]
[Site "Novosibirsk"]
[Date "2009.07.24"]
[Round "7"]
[White "Okladnikov, Gennady"]
[Black "Allakhverdov, Artur"]
[Result "1-0"]
[WhiteElo "2194"]
[BlackElo "2019"]
[PlyCount "87"]
[EventDate "2009.07.18"]
[EventType "swiss"]
[EventRounds "9"]
[EventCountry "RUS"]
[SourceTitle "CBM 131 Extra"]
[Source "ChessBase"]
[SourceDate "2009.09.03"]
[SourceVersion "2"]
[SourceVersionDate "2009.09.16"]
[SourceQuality "1"]

1. e4 e5 2. d4 exd4 3. Nf3 Nc6 4. c3 d5 5. exd5 Qxd5 6. cxd4 Bg4 7. Be2 Bb4+ 8. Nc3 0-0-0 9. 0-0 Qa5 10. Be3 Nf6 11. h3 Be6 12. Qc2 Rhe8 13. Rfd1 Bxc3 14. bxc3 Nd5 15. Rac1 Nxe3 16. fxe3 Bf5 17. Bd3 Bxd3 18. Qxd3 g6 19. e4 Ne5 20. Nxe5 Qxe5 21. Re1 Re6 22. Qf3 Qg5 23. Rb1 Rf6 24. Qd3 Rc6 25. e5 Qf4 26. Re2 f5 27. e6 Qd6 28. Kh1 a6 29. c4 Qe7 30. Rbe1 Rcd6 31. d5 c6 32. Re5 Kb8 33. Qa3 R6d7 34. Qa5 Rc7 35. Qd2 c5 36. R5e2 Rd6 37. Rb1 Kc8 38. Qc3 Kb8 39. Reb2 Ka7 40. Qe5 Qf8 41. a4 a5 42. Rb5 Ka6 43. Qb2 Qe7 44. Rxa5+ 1-0

[Event "Novosibirsk Sukharev Memorial op"]
[Site "Novosibirsk"]
[Date "2009.07.21"]
[Round "4"]
[White "Popov, Vyacheslav"]
[Black "Allakhverdov, Artur"]
[Result "0-1"]
[WhiteElo "1911"]
[BlackElo "2019"]
[PlyCount "34"]
[EventDate "2009.07.18"]
[EventType "swiss"]
[EventRounds "9"]
[EventCountry "RUS"]
[SourceTitle "CBM 131 Extra"]
[Source "ChessBase"]
[SourceDate "2009.09.03"]
[SourceVersion "2"]
[SourceVersionDate "2009.09.16"]
[SourceQuality "1"]

1. e4 d6 2. d4 Nf6 3. Nc3 Nbd7 4. Nf3 e5 5. Bc4 Be7 6. Bxf7+ Kxf7 7. Ng5+ Kg8 8. Ne6 Qe8 9. Nxc7 Qg6 10. Nxa8 Qxg2 11. Rf1 exd4 12. Qxd4 Ne5 13. f4 Nfg4 14. Ne2 Bh4+ 15. Kd2 Qxf1 16. fxe5 Be1+ 17. Kd3 Nxe5+ 0-1

[Event "SibFR-ch U16"]
[Site "Tomsk"]
[Date "2008.11.08"]
[Round "8"]
[White "Allakhverdov, Artur"]
[Black "Latyev, Yury"]
[Result "0-1"]
[WhiteElo "2068"]
[BlackElo "1933"]
[PlyCount "124"]
[EventDate "2008.11.01"]
[EventType "swiss"]
[EventRounds "9"]
[EventCountry "RUS"]
[SourceTitle "EXT 2022"]
[Source "ChessBase"]
[SourceDate "2021.10.06"]
[SourceVersion "1"]
[SourceVersionDate "2021.10.06"]
[SourceQuality "1"]

1. e4 c5 2. c3 d5 3. exd5 Qxd5 4. d4 g6 5. dxc5 Qxc5 6. Be3 Qc7 7. Na3 a6 8. Nc4 Nd7 9. a4 Ngf6 10. Nf3 Bg7 11. Be2 0-0 12. 0-0 Nc5 13. b4 Nce4 14. Bd4 Be6 15. Be5 Qc6 16. Nd4 Qd5 17. Nxe6 Qxe6 18. Bd4 Rfd8 19. Qc2 Rdc8 20. a5 Rxc4 21. Bxc4 Qxc4 22. Rad1 Rc8 23. Rc1 Nd6 24. Rfe1 Nb5 25. Bc5 e6 26. Qb1 Nd5 27. Re4 Rxc5 28. bxc5 Qxc5 29. c4 Bh6 30. Ree1 Bxc1 31. Rxc1 Nf4 32. Qe4 Qg5 33. Re1 Nd6 34. Qf3 Nxc4 35. g3 Nd5 36. Qd3 Qd2 37. Qb1 Nc3 38. Qa1 Qb2 39. Qxb2 Nxb2 40. Re3 Nba4 41. Kf1 Kf8 42. Rd3 Ke7 43. Ke1 Nd5 44. Kd2 Kd6 45. Rb3 Nc5 46. Rb2 Kc6 47. f3 b5 48. axb6 Nxb6 49. Kc2 a5 50. Rb1 a4 51. Kc3 Nd5+ 52. Kc4 Nb3 53. Rb2 f6 54. Re2 e5 55. Rb2 f5 56. Re2 e4 57. fxe4 fxe4 58. Ra2 e3 59. Rc2 Kd6 60. Rg2 Ke5 61. Kd3 a3 62. Kc4 Nd2+ 0-1

[Event "SibFR-ch U16"]
[Site "Tomsk"]
[Date "2008.11.05"]
[Round "5"]
[White "Allakhverdov, Artur"]
[Black "Loginov, Vladislav"]
[Result "1/2-1/2"]
[WhiteElo "2068"]
[BlackElo "2145"]
[PlyCount "97"]
[EventDate "2008.11.01"]
[EventType "swiss"]
[EventRounds "9"]
[EventCountry "RUS"]
[SourceTitle "EXT 2022"]
[Source "ChessBase"]
[SourceDate "2021.10.06"]
[SourceVersion "1"]
[SourceVersionDate "2021.10.06"]
[SourceQuality "1"]

1. e4 c6 2. d4 d5 3. e5 Bf5 4. Bd3 Bxd3 5. Qxd3 e6 6. Nf3 Qa5+ 7. c3 Qa6 8. Qxa6 Nxa6 9. a3 h5 10. Nbd2 Nh6 11. b4 Nf5 12. Bb2 Be7 13. c4 dxc4 14. Nxc4 Nc7 15. 0-0 0-0 16. Rad1 Rfd8 17. Rfe1 Rd7 18. Na5 Nd5 19. Nb3 Nh4 20. Nxh4 Bxh4 21. Nc5 Rc7 22. Rd3 Bd8 23. Rb3 Be7 24. Rc1 Bxc5 25. bxc5 b5 26. Rb1 a5 27. Bc1 b4 28. Bd2 a4 29. Rxb4 Nxb4 30. Bxb4 f6 31. f4 fxe5 32. fxe5 Rf7 33. Bd2 Raf8 34. Be3 Kh7 35. h3 Kg6 36. Kh2 Kf5 37. Rb4 Ke4 38. Bg5 Rd7 39. Rxa4 Rxd4 40. Ra7 Kxe5 41. Rxg7 Ke4 42. Rh7 Rd5 43. Rxh5 Kd3 44. h4 Rxc5 45. Rh6 Re8 46. Rg6 e5 47. Rf6 Ke2 48. Kg1 Rc2 49. h5 1/2-1/2

[Event "SibFR-ch U16"]
[Site "Tomsk"]
[Date "2008.11.04"]
[Round "4"]
[White "Allakhverdov, Artur"]
[Black "Tsalko, Vadim"]
[Result "1-0"]
[WhiteElo "2068"]
[BlackElo "1885"]
[PlyCount "68"]
[EventDate "2008.11.01"]
[EventType "swiss"]
[EventRounds "9"]
[EventCountry "RUS"]
[SourceTitle "EXT 2022"]
[Source "ChessBase"]
[SourceDate "2021.10.06"]
[SourceVersion "1"]
[SourceVersionDate "2021.10.06"]
[SourceQuality "1"]

1. e4 e5 2. Nc3 Nf6 3. Bc4 Be7 4. d3 0-0 5. f4 exf4 6. Bxf4 d6 7. Nf3 h6 8. 0-0 Nc6 9. Qd2 Be6 10. Nd5 Ne5 11. Nxe7+ Qxe7 12. Bxe6 Nxf3+ 13. Rxf3 fxe6 14. Qf2 Rf7 15. Rf1 Raf8 16. Bd2 Ng4 17. Qg3 Ne5 18. Rxf7 Rxf7 19. Rxf7 Nxf7 20. h4 b6 21. Bc3 Nd8 22. Qg4 c6 23. g3 d5 24. Kg2 Qf7 25. Be5 Nb7 26. b4 Qd7 27. c3 Nd6 28. Qf4 Nf7 29. Bd4 Qc8 30. Qg4 g5 31. hxg5 hxg5 32. Bf6 Qe8 33. Qh5 Kf8 34. Qg6 Qc8 1-0

[Event "Koltsovo Naukograd op"]
[Site "Koltsovo"]
[Date "2008.07.06"]
[Round "9"]
[White "Allakhverdov, Artur"]
[Black "Konyukhov, Mikhail"]
[Result "0-1"]
[WhiteElo "2068"]
[BlackElo "1886"]
[PlyCount "62"]
[EventDate "2008.06.28"]
[EventType "swiss"]
[EventRounds "9"]
[EventCountry "RUS"]
[SourceTitle "EXT 2022"]
[Source "ChessBase"]
[SourceDate "2021.10.06"]
[SourceVersion "1"]
[SourceVersionDate "2021.10.06"]
[SourceQuality "1"]

1. e4 c5 2. c3 e6 3. d4 Nf6 4. e5 Nd5 5. Nf3 cxd4 6. cxd4 d6 7. Nc3 Nxc3 8. bxc3 Qc7 9. Bd2 Nd7 10. exd6 Bxd6 11. Bd3 Nf6 12. 0-0 0-0 13. Re1 a6 14. c4 Rd8 15. Qc2 h6 16. g3 b6 17. Ne5 Bb7 18. f3 Bxe5 19. dxe5 Nd7 20. Bc3 Bxf3 21. Qf2 Bb7 22. Re3 Nc5 23. Be2 Ne4 24. Qe1 Qc5 25. Qc1 Rac8 26. Rb1 Ng5 27. Kf2 Qc6 28. Bf1 Qh1 29. Rb2 Qxh2+ 30. Ke1 Qg1 31. Rf2 Rxc4 0-1

[Event "Koltsovo Naukograd op"]
[Site "Koltsovo"]
[Date "2008.07.04"]
[Round "7"]
[White "Allakhverdov, Artur"]
[Black "Chesnokov, Gennady"]
[Result "1-0"]
[WhiteElo "2068"]
[BlackElo "1992"]
[PlyCount "32"]
[EventDate "2008.06.28"]
[EventType "swiss"]
[EventRounds "9"]
[EventCountry "RUS"]
[SourceTitle "EXT 2022"]
[Source "ChessBase"]
[SourceDate "2021.10.06"]
[SourceVersion "1"]
[SourceVersionDate "2021.10.06"]
[SourceQuality "1"]

1. e4 c6 2. d4 d5 3. e5 c5 4. dxc5 e6 5. b4 a5 6. c3 axb4 7. cxb4 b6 8. Be3 bxc5 9. bxc5 Bxc5 10. Bxc5 Qa5+ 11. Nd2 Qxc5 12. Rc1 Qd4 13. Ngf3 Qb4 14. Rxc8+ Kd7 15. Qc2 Qb7 16. Bb5+ Ke7 1-0

[Event "Koltsovo Naukograd op"]
[Site "Koltsovo"]
[Date "2008.07.03"]
[Round "6"]
[White "Alltukhov, Yuri"]
[Black "Allakhverdov, Artur"]
[Result "1/2-1/2"]
[WhiteElo "2063"]
[BlackElo "2068"]
[PlyCount "70"]
[EventDate "2008.06.28"]
[EventType "swiss"]
[EventRounds "9"]
[EventCountry "RUS"]
[SourceTitle "EXT 2022"]
[Source "ChessBase"]
[SourceDate "2021.10.06"]
[SourceVersion "1"]
[SourceVersionDate "2021.10.06"]
[SourceQuality "1"]

1. d4 Nf6 2. c4 g6 3. Nc3 Bg7 4. e4 d6 5. f3 0-0 6. Be3 c5 7. Nge2 Nc6 8. Qd2 cxd4 9. Nxd4 Ne5 10. Be2 Bd7 11. 0-0 Rc8 12. b3 Re8 13. Rac1 Qa5 14. Rfd1 a6 15. Rc2 Kf8 16. Bf1 Nc6 17. Nxc6 Bxc6 18. Rdc1 Bd7 19. c5 Rc6 20. cxd6 Rxd6 21. Qf2 Rc8 22. b4 Qh5 23. Bc5 Rdc6 24. e5 Ne8 25. g4 Qh6 26. Nd5 Bxe5 27. Nxe7 Rxc5 28. Nxc8 Rxc2 29. Rxc2 Qf4 30. Rc4 Qf6 31. f4 Bc7 32. g5 Qf5 33. Rc5 Qg4+ 34. Bg2 Qd1+ 35. Bf1 Qg4+ 1/2-1/2